Geschichte, Antizipation und Auferstehung: Theologische und texttheoretische Untersuchung zu W. Pannenbergs Verständnis von Wirklichkeit
Saved in:
| Main Author: | |
|---|---|
| Format: | Book |
| Language: | German |
| Published: |
Frankfurt am Main
Peter Lang
1999
|
| Series: | Internationale Thelogie, 8
|
| Subjects: | |
| Tags: |
Add Tag
No Tags, Be the first to tag this record!
|
MARC
| LEADER | 00000cam a2200000 a 4500 | ||
|---|---|---|---|
| 001 | UCE7815 | ||
| 003 | CL-VaPUC | ||
| 008 | 150710e19990000gw |||||||||||||||||ger|d | ||
| 020 | |a 363137898X | ||
| 082 | 0 | 4 | |a 230 |b KEN |2 21 |
| 100 | 0 | |a Kendel, André |e author |9 580538 | |
| 245 | 1 | 0 | |a Geschichte, Antizipation und Auferstehung: Theologische und texttheoretische Untersuchung zu W. Pannenbergs Verständnis von Wirklichkeit |
| 300 | |a 305 p | ||
| 942 | |c BK | ||
| 945 | |d 20150710 13:45:00 |a cmena | ||
| 260 | |a Frankfurt am Main |b Peter Lang |c 1999 | ||
| 650 | 0 | |a Teología cristiana |9 308336 | |
| 650 | 0 | |a Filosofía cristiana |9 265980 | |
| 650 | 0 | |a Historia de la iglesia |9 257565 | |
| 650 | 7 | |a RESURRECCION |2 CL-VaPUC |9 314406 | |
| 583 | |a last modification |c 20150710 13:45:00 |k Rodrigo Vera | ||
| 490 | 0 | |a Internationale Thelogie, 8 | |
| 999 | |c 359834 |d 359832 | ||
| 952 | |0 0 |1 0 |3 erb |4 0 |6 230_000000000000000_KEN_1999 |7 0 |8 A |9 469385 |a BIBTEO |b BIBTEO |e Casale Rolle, Carlos Ignacio, -2014 |i 5183901 |o 230 KEN 1999 |p 5183901 |r 2025-01-17 |w 2019-11-23 |y BK |z Catalogado en:20150710 |k ICR | ||